000 02235nam0a2200397 4500
001 RU\NLR\bibl\1760557
005 20260409071247.0
010 _a978-5-9916-1262-3
_91000
021 _aRU
_b2011-22570
_91593
035 _a(NLR Aleph) 001751374
090 _a1520970
_c1520970
100 _a20110419d2011 |||y0rusy50 ca
101 0 _arus
102 _aRU
105 _ay |||||||||
200 1 _aАдвокатская деятельность и адвокатура в России
_eучебник
_eдля студентов высших учебных заведений, обучающихся по специальности 021100 "Юриспруденция"
_f[Трунов И.Л. - проф., д.ю.н., Айвар Л.К. - проф., д.ю.н., Анисимов В.Ф. - д.ю.н. и др.]
_gпод ред. проф. И.Л. Трунова
_gМеждунар. союз юристов
210 _aМосква
_cЮрайт
_d2011
215 _a527 с.
_d21
225 1 _aУчебно-методическое объединение рекомендует
225 1 _aМагистр
300 _aАвт. указаны на с. 5
606 _aАдвокатура
_yРоссийская Федерация
_jУчебники для высших учебных заведений
_3RU\NLR\auth\66538462
_91300309
606 1 _aАдвокаты
_jУчебники для высших учебных заведений
_xПрофессиональная деятельность
_yРоссийская Федерация
_92290031
_3RU\NLR\auth\661371542
686 _aХ629.08я73
686 _aХ629.08-9я73
701 1 _aТрунов
_bИ. Л.
_gИгорь Леонидович
_4070
701 1 _aАйвар
_bЛ. К.
_gЛюдмила Константиновна
_4070
701 1 _4070
_7ca
_8rus
_aАнисимов
_bВ. Ф.
_cд-р юрид. наук
_f1951-
_gВалерий Филиппович
_3RU\NLR\AUTH\770281132
_92653099
712 0 2 _4570
_aМеждународный союз юристов
_3RU\NLR\AUTH\8810041146
_9581505
801 0 _aRU
_bNLR
_c20110419
_gRCR
801 1 _aRU
_bNLR
_c20110419
942 _cBOOK
980 _aNB
980 _aNBR